| 000 | 01177cad a22002295a 4500 | ||
|---|---|---|---|
| 001 | L142097 | ||
| 008 | 080123e20080117xxk f 000 0 eng d | ||
| 035 | _a(Sirsi) u142097 | ||
| 041 | 0 | _aeng | |
| 100 | 1 | _aKeeley, Andrew | |
| 245 | 0 | 0 |
_aCollateral warranties v third party rights _h[electronic resource] |
| 260 | _c2008 | ||
| 490 |
_aRICS Feature _v17 January 2008 |
||
| 520 | _aOutlines the use of collateral warranties and third party rights in the construction arena. Explains what collateral warranties are, the standard forms of collateral warranties, and the positive and negative aspects. Suggests the use of third party rights as a simpler alternative to collateral warranties, but also notes that third party rights need to be embraced by the industry to be effective. | ||
| 590 | _aKA | ||
| 650 | 2 | 4 | _aCONTRACTS (RIGHTS OF THIRD PARTIES) ACT 1999 |
| 651 | 4 |
_aUnited Kingdom _y |
|
| 690 | _aBUILT ENVIRONMENT-CONSTRUCTION MANAGEMENT-BUILDING CONTRACT ADMINISTRATION | ||
| 710 | 2 |
_aCharles Russell LLP _95345 |
|
| 856 | 4 | 0 |
_uhttps://www.rics.org/RICSWEB/getpage.aspx?p=aVvaapz4Mk2THcdGH6TYig _zView the article free of charge at www.rics.org... |
| 942 | _n0 | ||
| 999 |
_c79725 _d79725 |
||